[Event "Politiken Cup"]
[Site "Copenhagen"]
[Date "2006.07.23"]
[Round "2.102"]
[White "Tjensvoll, Tore"]
[Black "Almasy, Alexander Christian"]
[Result "1-0"]
[WhiteElo "1961"]
[BlackElo "1426"]
[PlyCount "61"]
[EventDate "2006.??.??"]

1. e4 c5 2. Nf3 d6 3. d4 cxd4 4. Nxd4 Nf6 5. Nc3 g6 6. Be2 Bg7 7. O-O O-O 8.
Be3 Bd7 9. f4 Nc6 10. Nb3 a6 11. a4 Rc8 12. a5 Qc7 13. Kh1 Nxe4 14. Nxe4 Bxb2
15. Bb6 Qb8 16. Rb1 Bg7 17. Bd3 Nb4 18. Nbd2 Nxd3 19. cxd3 Kh8 20. Qf3 Rc2 21.
Qe3 Bh6 22. Rfc1 Rfc8 23. Rxc2 Rxc2 24. Ng5 Bxg5 25. fxg5 Qc8 26. Nf3 e6 27.
Qd4+ e5 28. Qxd6 Rc1+ 29. Rxc1 Qxc1+ 30. Bg1 Bc6 31. Qf8# 1-0

[Event "Politiken Cup"]
[Site "Copenhagen"]
[Date "2006.07.23"]
[Round "2.103"]
[White "Ovesen, Karsten"]
[Black "Akdag, Dara"]
[Result "1/2-1/2"]
[WhiteElo "1407"]
[BlackElo "1958"]
[PlyCount "80"]
[EventDate "2006.??.??"]

1. d4 Nf6 2. Nf3 e6 3. Bg5 Be7 4. e3 b6 5. Bd3 Bb7 6. Nbd2 d5 7. Ne5 Nbd7 8. f4
c5 9. c3 Ne4 10. Bxe7 Qxe7 11. Nxe4 dxe4 12. Bb5 O-O-O 13. Bxd7+ Rxd7 14. Nxd7
Qxd7 15. dxc5 Qb5 16. Qc2 Qxc5 17. Kf2 g5 18. g3 gxf4 19. gxf4 Qh5 20. Qe2 Qh4+
21. Kf1 Rg8 22. Rg1 Qh3+ 23. Rg2 Kc7 24. Kg1 Rxg2+ 25. Qxg2 Qxe3+ 26. Qf2 Qd3
27. Re1 Qd5 28. c4 Qxc4 29. b3 Qd3 30. Qe3 Qxe3+ 31. Rxe3 f5 32. Rh3 a5 33.
Rxh7+ Kc6 34. Kf2 Ba6 35. h4 e5 36. fxe5 f4 37. Rh6+ Kc5 38. Rd6 e3+ 39. Kf3
Bb7+ 40. Ke2 Ba6+ 1/2-1/2

[Event "Politiken Cup"]
[Site "Copenhagen"]
[Date "2006.07.23"]
[Round "2.104"]
[White "Eliassen, Erik"]
[Black "Hausken, Morten"]
[Result "1-0"]
[WhiteElo "1956"]
[BlackElo "1400"]
[PlyCount "45"]
[EventDate "2006.??.??"]

1. e4 d5 2. exd5 Qxd5 3. Nc3 Qd7 4. Nf3 Nc6 5. Bb5 a6 6. Ba4 b5 7. Bb3 e5 8.
Qe2 Bd6 9. d4 Qe7 10. Nd5 Qd8 11. dxe5 Bb4+ 12. c3 Bc5 13. Bg5 Qd7 14. Rd1 Ra7
15. Nf6+ gxf6 16. Rxd7 Bxd7 17. exf6+ Kf8 18. O-O h6 19. Bh4 Ra8 20. Ne5 Nxe5
21. Qxe5 Bd6 22. Qd5 Bxh2+ 23. Kxh2 1-0

[Event "Politiken Cup"]
[Site "Copenhagen"]
[Date "2006.07.23"]
[Round "2.105"]
[White "Gade, Jens"]
[Black "Nielsen, Thomas"]
[Result "1-0"]
[WhiteElo "1395"]
[BlackElo "1956"]
[PlyCount "83"]
[EventDate "2006.??.??"]

1. f4 d5 2. Nf3 g6 3. e3 Bg7 4. Be2 Nh6 5. O-O O-O 6. Kh1 c5 7. c3 Nc6 8. d4 b6
9. Na3 Bb7 10. Bd2 Rc8 11. Qe1 Nf5 12. Ng5 e6 13. Nf3 Qe7 14. Ne5 Nd6 15. Bd3
c4 16. Bc2 Nxe5 17. fxe5 Ne4 18. Bxe4 dxe4 19. Nb5 Bd5 20. Nd6 Rcd8 21. Rf4 g5
22. Rf1 f6 23. Qg3 fxe5 24. dxe5 Rxf1+ 25. Rxf1 Bxe5 26. Qxe5 Rxd6 27. Rf6 Qg7
28. Be1 Rd8 29. Bg3 h6 30. Qd4 Rf8 31. Be5 Rxf6 32. Bxf6 Qf7 33. Kg1 Kh7 34.
Be5 Kg6 35. Bb8 Kh7 36. Qe5 Qh5 37. Qd4 Qe2 38. h3 Qxb2 39. Qf6 Qc1+ 40. Kh2
Qxe3 41. Qf7+ Kh8 42. Be5# 1-0

[Event "Politiken Cup"]
[Site "Copenhagen"]
[Date "2006.07.23"]
[Round "2.106"]
[White "Christensen, Christoffer Ellegaa"]
[Black "Frank-Nielsen, Marie"]
[Result "0-1"]
[WhiteElo "1383"]
[BlackElo "1955"]
[PlyCount "80"]
[EventDate "2006.??.??"]

1. d4 d5 2. Nf3 Nf6 3. Bf4 e6 4. e3 c5 5. c3 Nc6 6. Nbd2 Be7 7. Bd3 h6 8. Ne5
Bd6 9. Ndf3 O-O 10. Nxc6 bxc6 11. Ne5 Bb7 12. Qf3 cxd4 13. exd4 c5 14. O-O a5
15. Qh3 Ne4 16. f3 Ng5 17. Qg4 f5 18. Qg3 cxd4 19. cxd4 Qb6 20. Qf2 Rad8 21.
Kh1 Ba6 22. Bxa6 Qxa6 23. h4 Nf7 24. Nxf7 Rxf7 25. Bxd6 Qxd6 26. Rac1 e5 27.
Rc5 a4 28. Rd1 e4 29. fxe4 fxe4 30. Qe2 Qg3 31. Rf1 Qxh4+ 32. Kg1 Rxf1+ 33.
Qxf1 e3 34. Rc7 Rf8 35. Qe2 Qe4 36. Rc2 Rf2 37. Rc8+ Kh7 38. Qxf2 exf2+ 39.
Kxf2 Qf5+ 40. Ke3 Qxc8 0-1

[Event "Politiken Cup"]
[Site "Copenhagen"]
[Date "2006.07.23"]
[Round "2.107"]
[White "Hinman, Chris"]
[Black "Tofte, Sondre Waage"]
[Result "1/2-1/2"]
[WhiteElo "1343"]
[BlackElo "1950"]
[PlyCount "112"]
[EventDate "2006.??.??"]

1. c4 e5 2. g3 Nf6 3. Bg2 Nc6 4. Nc3 Bc5 5. e3 d6 6. Nge2 Bf5 7. d4 Bb6 8. a3
a5 9. O-O O-O 10. h3 Qd7 11. Kh2 exd4 12. exd4 Rfe8 13. f3 Re7 14. Bg5 Rae8 15.
Bxf6 gxf6 16. Nd5 Re6 17. Nef4 Bxd4 18. Nxe6 Rxe6 19. Qd2 Bb6 20. f4 Kg7 21.
Rae1 a4 22. Nxb6 cxb6 23. g4 Rxe1 24. Rxe1 Be6 25. Qc3 Na5 26. Bd5 Bxd5 27.
cxd5 Qb5 28. g5 Nc4 29. Qxf6+ Kg8 30. Re7 Qxb2+ 31. Qxb2 Nxb2 32. Rxb7 Nc4 33.
Ra7 b5 34. Ra6 Kf8 35. Kg3 Nxa3 36. Rb6 Kg7 37. f5 Nc4 38. Rxb5 a3 39. Rb7 Ne3
40. f6+ Kg6 41. h4 Nxd5 42. Ra7 h6 43. Rxa3 hxg5 44. Ra5 gxh4+ 45. Kxh4 Ne3 46.
Kg3 Kxf6 47. Kf3 Nc4 48. Ra4 d5 49. Kf4 Ke6 50. Ra6+ Nd6 51. Rb6 d4 52. Ra6 Kd5
53. Ra4 Kc5 54. Ke5 Nb5 55. Rxd4 Nxd4 56. Kf6 Nf3 1/2-1/2

[Event "Politiken Cup"]
[Site "Copenhagen"]
[Date "2006.07.23"]
[Round "2.108"]
[White "Agustsson, Hafsteinn"]
[Black "Wiggen, Frode"]
[Result "1-0"]
[WhiteElo "1945"]
[BlackElo "1390"]
[PlyCount "97"]
[EventDate "2006.??.??"]

1. e4 c6 2. Nc3 d5 3. Nf3 dxe4 4. Nxe4 Bf5 5. Ng3 Bg6 6. d4 e6 7. h4 h6 8. Ne5
Bh7 9. Bc4 Nf6 10. Qe2 Nd5 11. c3 Nd7 12. Be3 Qc7 13. Nxd7 Qxd7 14. Bd2 Bd6 15.
Ne4 Bf4 16. Bxf4 Nxf4 17. Qf3 Qc7 18. O-O-O b6 19. g4 f5 20. Ng3 O-O-O 21. Rhe1
Rde8 22. Re5 Nd5 23. Rde1 fxg4 24. Qxg4 Kb7 25. Rxe6 Rxe6 26. Rxe6 Nf6 27. Qe2
Rd8 28. Qe5 b5 29. Re7 Rd7 30. Rxd7 Qxd7 31. Be6 Qe8 32. Nf5 Ka6 33. Nd6 Qg6
34. Bc8+ Kb6 35. Qc5+ Kc7 36. Bf5 Qg1+ 37. Kc2 Qxf2+ 38. Kb3 Bxf5 39. Nxf5 Nd5
40. Qxa7+ Kd8 41. Qb8+ Kd7 42. Qd6+ Ke8 43. Qxc6+ Kf8 44. Qxd5 Qe2 45. Qd8+ Kf7
46. Nd6+ Kg6 47. Qe8+ Qxe8 48. Nxe8 Kf7 49. Nxg7 1-0

[Event "Politiken Cup"]
[Site "Copenhagen"]
[Date "2006.07.23"]
[Round "2.109"]
[White "Wilsbeck, Jan B"]
[Black "Gjedsted, Søren Havn"]
[Result "1-0"]
[WhiteElo "1944"]
[BlackElo "1360"]
[PlyCount "39"]
[EventDate "2006.??.??"]

1. e4 c6 2. d4 d5 3. e5 Bf5 4. Nc3 e6 5. g4 Bg6 6. Nge2 h6 7. Nf4 Bh7 8. Be3
Nd7 9. h4 Be7 10. Ng2 c5 11. Bb5 cxd4 12. Bxd4 a6 13. Bd3 Bxd3 14. Qxd3 Bb4 15.
O-O-O Ne7 16. f4 Rc8 17. f5 exf5 18. gxf5 Nc6 19. e6 Nde5 20. Qg3 1-0

[Event "Politiken Cup"]
[Site "Copenhagen"]
[Date "2006.07.23"]
[Round "2.110"]
[White "Jensen, Frederik Jessin"]
[Black "Grove, Peter"]
[Result "0-1"]
[WhiteElo "1317"]
[BlackElo "1942"]
[PlyCount "90"]
[EventDate "2006.??.??"]

1. d4 g6 2. Nf3 Bg7 3. Bf4 c5 4. c3 cxd4 5. cxd4 Qb6 6. Qc1 Nc6 7. e3 d6 8. Nc3
Nf6 9. Bb5 a6 10. Ba4 O-O 11. Bc2 Nb4 12. O-O Bg4 13. Nd2 Rac8 14. a3 Nxc2 15.
Qxc2 Be6 16. b4 Qc6 17. Rac1 Nd5 18. Ndb1 Nxf4 19. exf4 Bxd4 20. Qd2 Bg7 21.
Ne2 Qd5 22. Qxd5 Bxd5 23. Nec3 Bc4 24. Rfe1 e6 25. Na4 b5 26. Nb6 Rc6 27. Nxc4
Rxc4 28. g3 Rfc8 29. Rcd1 d5 30. Kg2 Rc2 31. Kf3 Kf8 32. Kg2 Rb2 33. Rc1 Rcc2
34. Rf1 Bd4 35. Rxc2 Rxc2 36. Kf3 Ke7 37. Kg2 f6 38. Kf3 e5 39. fxe5 fxe5 40.
Kg2 Bb6 41. Kf3 Ke6 42. h3 e4+ 43. Kf4 Kf6 44. g4 Bxf2 45. Rd1 g5# 0-1

[Event "Politiken Cup"]
[Site "Copenhagen"]
[Date "2006.07.23"]
[Round "2.111"]
[White "Pieri, Enzo"]
[Black "Kristensen, Steffen Michael"]
[Result "1-0"]
[WhiteElo "1940"]
[BlackElo "1319"]
[PlyCount "71"]
[EventDate "2006.??.??"]

1. e4 d5 2. exd5 Qxd5 3. Nc3 Qa5 4. Nf3 Bf5 5. d3 c6 6. Bd2 Nd7 7. Be2 e6 8. a3
Qc7 9. O-O Ngf6 10. Re1 Bd6 11. g3 O-O 12. Bf1 Ne5 13. Nxe5 Bxe5 14. Qe2 Bd4
15. Bf4 Qb6 16. Rab1 a6 17. Ne4 Nd5 18. Bd2 Qc7 19. c3 Ba7 20. c4 Bxe4 21. dxe4
Nf6 22. e5 Nd7 23. b4 f5 24. c5 a5 25. Qc4 Rae8 26. f4 axb4 27. axb4 b5 28. Qb3
Rf7 29. Bg2 Rfe7 30. Qf3 Nb8 31. Red1 Rc8 32. Be1 h6 33. Rd6 g5 34. g4 gxf4 35.
gxf5 Rf8 36. f6 1-0

[Event "Politiken Cup"]
[Site "Copenhagen"]
[Date "2006.07.23"]
[Round "2.112"]
[White "Thingstad, Anders"]
[Black "Robertson, David"]
[Result "1/2-1/2"]
[WhiteElo "1301"]
[BlackElo "1927"]
[PlyCount "58"]
[EventDate "2006.??.??"]

1. d4 d5 2. c4 c6 3. Nf3 Nf6 4. e3 a6 5. Nc3 e6 6. Bd3 dxc4 7. Bxc4 b5 8. Bd3
c5 9. O-O Nc6 10. Bc2 Bb7 11. Ne4 cxd4 12. Nxd4 Nb4 13. Nxf6+ Qxf6 14. Bb3 Rd8
15. Qe2 e5 16. Nc2 Nxc2 17. Qxc2 Be7 18. Qe2 O-O 19. e4 Bc5 20. Be3 Bd4 21.
Bxd4 Rxd4 22. f3 Rfd8 23. Rfd1 Qb6 24. Kh1 a5 25. Rxd4 Rxd4 26. Rd1 a4 27. Bc2
g6 28. Rxd4 exd4 29. Bd3 Qc5 1/2-1/2

[Event "Politiken Cup"]
[Site "Copenhagen"]
[Date "2006.07.23"]
[Round "2.113"]
[White "Sonderby, Anders"]
[Black "Jensen, Jan Erik"]
[Result "1-0"]
[WhiteElo "1926"]
[BlackElo "1304"]
[PlyCount "77"]
[EventDate "2006.??.??"]

1. d4 d5 2. c4 e6 3. Nc3 Nf6 4. Bg5 Nbd7 5. e3 b6 6. cxd5 exd5 7. Nxd5 Bb7 8.
Bc4 Be7 9. Bxf6 Nxf6 10. Nxf6+ Bxf6 11. Nf3 O-O 12. O-O Qe7 13. Rc1 Rad8 14.
Qe2 Bd5 15. Bxd5 Rxd5 16. Qc4 Rd7 17. Qc6 Rfd8 18. Rc4 a5 19. Nd2 g6 20. Ne4
Bg7 21. Nc3 Bf8 22. Qe4 Qxe4 23. Nxe4 Be7 24. Rc6 Kg7 25. Rfc1 f5 26. Nc3 Rc8
27. Nb5 Bd8 28. a4 Kf7 29. h3 Ke7 30. g4 fxg4 31. hxg4 Kf7 32. Nd6+ Rxd6 33.
Rxd6 Ke7 34. Rxb6 cxb6 35. Rxc8 Kd7 36. Rc1 Ke8 37. f4 Kd7 38. Kf2 Ke8 39. Kf3
1-0

[Event "Politiken Cup"]
[Site "Copenhagen"]
[Date "2006.07.23"]
[Round "2.114"]
[White "Christensen, Casper"]
[Black "Sykes, Chris"]
[Result "0-1"]
[WhiteElo "1252"]
[BlackElo "1922"]
[PlyCount "46"]
[EventDate "2006.??.??"]

1. d4 Nf6 2. c4 c5 3. Nf3 cxd4 4. Nxd4 e5 5. Nf5 d5 6. Ng3 Bc5 7. cxd5 O-O 8.
Nc3 Qe7 9. e3 Rd8 10. Qb3 a6 11. a3 b5 12. Bd2 Bb7 13. Rd1 Nxd5 14. Qc2 Nc6 15.
Nce4 Bb6 16. Nf5 Qf8 17. Rg1 Rac8 18. Qb1 g6 19. Nh4 f5 20. Nc3 f4 21. Qa2 Qf7
22. Nxd5 Rxd5 23. e4 Bxf2+ 0-1

[Event "Politiken Cup"]
[Site "Copenhagen"]
[Date "2006.07.23"]
[Round "2.115"]
[White "Andersen, Dag"]
[Black "Zyde, Furat"]
[Result "1-0"]
[WhiteElo "1910"]
[BlackElo "1200"]
[PlyCount "35"]
[EventDate "2006.??.??"]

1. e4 e5 2. f4 d5 3. exd5 Qxd5 4. Nc3 Qa5 5. Bc4 Bb4 6. Nd5 Be6 7. Qf3 c6 8.
Ne3 Bxc4 9. Nxc4 Qc7 10. Qe4 Nd7 11. c3 Bd6 12. fxe5 Be7 13. d4 O-O-O 14. Bf4
Re8 15. Ne2 Bd6 16. Qf3 Bxe5 17. dxe5 Nxe5 18. Bxe5 1-0

[Event "Politiken Cup"]
[Site "Copenhagen"]
[Date "2006.07.23"]
[Round "2.116"]
[White "Mossiaguine, Arina"]
[Black "Jensen, Søren Holm"]
[Result "0-1"]
[WhiteElo "1200"]
[BlackElo "1902"]
[PlyCount "28"]
[EventDate "2006.??.??"]

1. d4 d5 2. Bf4 c5 3. e3 Qb6 4. b3 Nc6 5. Nf3 Bg4 6. Nbd2 cxd4 7. h3 dxe3 8.
fxe3 Bf5 9. c4 e6 10. Be2 Bc5 11. g4 Bg6 12. e4 dxe4 13. Nh4 Bf2+ 14. Kf1 Bxh4
0-1

[Event "Politiken Cup"]
[Site "Copenhagen"]
[Date "2006.07.23"]
[Round "2.117"]
[White "Moller, Arne"]
[Black "Stangeland, Maren"]
[Result "1/2-1/2"]
[WhiteElo "1901"]
[BlackElo "1146"]
[PlyCount "84"]
[EventDate "2006.??.??"]

1. e4 c5 2. Nf3 d6 3. d4 cxd4 4. Nxd4 Nf6 5. Nc3 g6 6. Be2 Bg7 7. Be3 Nc6 8.
O-O O-O 9. Kh1 d5 10. Nxc6 bxc6 11. e5 Nd7 12. f4 Nb6 13. Bc5 Re8 14. Qe1 Bf5
15. Bd3 Qd7 16. Rd1 f6 17. Qg3 Qe6 18. Rde1 fxe5 19. Bxf5 Qxf5 20. fxe5 Qe6 21.
Bd4 Rf8 22. Rxf8+ Rxf8 23. Ne2 Qf5 24. Qc3 Nc4 25. Ng3 Qe6 26. b3 Na3 27. Bc5
Nb5 28. Qe3 a6 29. a4 Nc7 30. Kg1 Bh8 31. Qg5 Rf7 32. h4 Ne8 33. h5 Ng7 34. h6
Nf5 35. Nxf5 Rxf5 36. Qxe7 Qxe7 37. Bxe7 Rxe5 38. Rxe5 Bxe5 39. Bg5 Kf7 40. Kf2
Bf6 41. Bxf6 Kxf6 42. Ke3 Ke5 1/2-1/2

[Event "Politiken Cup"]
[Site "Copenhagen"]
[Date "2006.07.23"]
[Round "2.118"]
[White "Larsen, Alex"]
[Black "Almer, Julia"]
[Result "0-1"]
[WhiteElo "1171"]
[BlackElo "1900"]
[PlyCount "80"]
[EventDate "2006.??.??"]

1. d4 e6 2. c4 f5 3. Nf3 Nf6 4. Nc3 d5 5. e3 c6 6. cxd5 exd5 7. Be2 Bd6 8. O-O
O-O 9. Ne5 Nbd7 10. f4 Ne4 11. Nxd7 Bxd7 12. Nxe4 fxe4 13. Bd2 Qe7 14. a3 a5
15. Rb1 a4 16. b4 axb3 17. Rxb3 Be6 18. Bb4 c5 19. dxc5 Bxc5 20. f5 Bf7 21.
Bxc5 Qxc5 22. Qd4 Qxd4 23. exd4 Ra4 24. Rd1 Be8 25. g4 Bc6 26. Kg2 Rfa8 27. Rb4
Rxa3 28. g5 Ra2 29. Re1 Rf8 30. f6 gxf6 31. gxf6 Rxf6 32. Rb3 Rd2 33. Kh1 Rxd4
34. Bh5 Rd2 35. Rg3+ Kf8 36. Reg1 Rff2 37. Rg8+ Ke7 38. R1g7+ Kd6 39. Rd8+ Kc5
40. Be8 e3 0-1

[Event "Politiken Cup"]
[Site "Copenhagen"]
[Date "2006.07.23"]
[Round "2.119"]
[White "Jensen, Paul Johan"]
[Black "Nielsen, Bjørn"]
[Result "1-0"]
[WhiteElo "1893"]
[BlackElo "1090"]
[PlyCount "53"]
[EventDate "2006.??.??"]

1. c4 e5 2. g3 c6 3. Bg2 Nf6 4. Nc3 Bc5 5. e3 O-O 6. Nge2 d6 7. O-O Be6 8. d4
exd4 9. exd4 Bb6 10. d5 Bg4 11. h3 Bh5 12. Bg5 Re8 13. Qd2 Nbd7 14. dxc6 bxc6
15. Bxc6 Rc8 16. Bxf6 gxf6 17. Bxd7 Qxd7 18. Nf4 Bg6 19. Ncd5 Bd8 20. b3 h5 21.
h4 Kh8 22. Rfe1 Re4 23. Nxg6+ fxg6 24. Rxe4 Qh3 25. Qh6+ Kg8 26. Qxg6+ Kf8 27.
Re8# 1-0

[Event "Politiken Cup"]
[Site "Copenhagen"]
[Date "2006.07.23"]
[Round "2.120"]
[White "Reppen, Ellisiv"]
[Black "Steinskog, Asbjørn Ottesen"]
[Result "1/2-1/2"]
[WhiteElo "1890"]
[BlackElo "1018"]
[PlyCount "73"]
[EventDate "2006.??.??"]

1. e4 c5 2. Nf3 Nc6 3. d4 cxd4 4. Nxd4 Nf6 5. Nc3 e5 6. Ndb5 d6 7. Bg5 a6 8.
Na3 b5 9. Bxf6 gxf6 10. Nd5 Be6 11. c3 Rc8 12. Nc2 f5 13. exf5 Bxf5 14. Nce3
Bg6 15. a4 Rb8 16. axb5 axb5 17. Qf3 Bg7 18. Nf6+ Bxf6 19. Qxc6+ Qd7 20. Qxd7+
Kxd7 21. Nd5 Bd8 22. Ra7+ Ke6 23. Nb4 Bb6 24. Ra6 Bc5 25. Nd3 Bxd3 26. Bxd3 Ra8
27. Rxa8 Rxa8 28. O-O b4 29. Bxh7 f5 30. cxb4 Bxb4 31. g4 fxg4 32. Kg2 Rh8 33.
Bb1 Rh3 34. f3 Rxf3 35. Rxf3 gxf3+ 36. Kxf3 d5 37. Bc2 1/2-1/2

[Event "Politiken Cup"]
[Site "Copenhagen"]
[Date "2006.07.23"]
[Round "2.121"]
[White "Rasmussen, Rene Rosendahl"]
[Black "Stangeland, Karle"]
[Result "0-1"]
[WhiteElo "1144"]
[BlackElo "1886"]
[PlyCount "22"]
[EventDate "2006.??.??"]

1. e4 e5 2. Nf3 Nc6 3. Bb5 f5 4. Qe2 fxe4 5. Qxe4 Nf6 6. Qe2 e4 7. d3 Qe7 8.
Ng5 Nd4 9. Bxd7+ Bxd7 10. Qd1 exd3+ 11. Be3 Nxc2+ 0-1

[Event "Politiken Cup"]
[Site "Copenhagen"]
[Date "2006.07.23"]
[Round "2.122"]
[White "Berstad, Joerund"]
[Black "Mølvig, Julius"]
[Result "1-0"]
[WhiteElo "1883"]
[BlackElo "1000"]
[PlyCount "33"]
[EventDate "2006.??.??"]

1. e4 d5 2. exd5 Qxd5 3. Nc3 Qa5 4. d4 e5 5. dxe5 Bb4 6. Bd2 Qxe5+ 7. Qe2 Qxe2+
8. Bxe2 Bf5 9. O-O-O Bc5 10. f4 Bd4 11. Nf3 Bxc3 12. Bxc3 Nf6 13. Rhe1 O-O 14.
Bxf6 gxf6 15. g4 Bxg4 16. Rg1 f5 17. h3 1-0

[Event "Politiken Cup"]
[Site "Copenhagen"]
[Date "2006.07.23"]
[Round "2.123"]
[White "Nielsen, Palle"]
[Black "Tofte, Anders"]
[Result "1-0"]
[WhiteElo "1873"]
[BlackElo "1000"]
[PlyCount "61"]
[EventDate "2006.??.??"]

1. e4 e5 2. Nf3 Nc6 3. Bc4 d6 4. c3 Qf6 5. d3 Be6 6. Bg5 Qg6 7. h4 Bxc4 8. h5
Qe6 9. dxc4 Qxc4 10. Nbd2 Qb5 11. Qc2 d5 12. O-O-O Bc5 13. exd5 Nce7 14. Nxe5
f6 15. a4 Qe2 16. Rde1 Qxf2 17. Nd3 Qxg2 18. Nxc5 Qxg5 19. Ne6 Qg3 20. Ne4 Qe5
21. N4c5 Qd6 22. Qg2 g6 23. hxg6 h6 24. b4 b6 25. Nb7 Qd7 26. Ng7+ Kf8 27. Ne6+
Ke8 28. g7 Rh7 29. c4 Rb8 30. Nf8 Qxa4 31. Qg6# 1-0

[Event "Politiken Cup"]
[Site "Copenhagen"]
[Date "2006.07.23"]
[Round "2.124"]
[White "Forså, Elise"]
[Black "Thingstad, Even"]
[Result "0-1"]
[WhiteElo "1020"]
[BlackElo "1861"]
[PlyCount "72"]
[EventDate "2006.??.??"]

1. d4 e6 2. e4 d5 3. exd5 exd5 4. c4 Nf6 5. Nc3 Be7 6. Nf3 Bg4 7. h3 Bh5 8. Bg5
dxc4 9. Bxc4 O-O 10. g4 Bg6 11. Ne5 Re8 12. h4 Bc5 13. dxc5 Rxe5+ 14. Kf1 Nbd7
15. Bxf6 Nxf6 16. h5 Be4 17. Qe2 Bg2+ 18. Kxg2 Rxe2 19. Bxe2 Qd4 20. g5 Ng4 21.
Rhf1 Qf4 22. Bxg4 Qxg4+ 23. Kh2 Qh4+ 24. Kg2 Qg4+ 25. Kh2 Qxh5+ 26. Kg2 Qxg5+
27. Kh1 Re8 28. Rg1 Qh4+ 29. Kg2 Re6 30. Rad1 Qg4+ 31. Kf1 Qh3+ 32. Rg2 Qh1+
33. Rg1 Qh3+ 34. Rg2 h6 35. Rd2 Rg6 36. f3 Qh1+ 0-1

[Event "Politiken Cup"]
[Site "Copenhagen"]
[Date "2006.07.23"]
[Round "2.125"]
[White "Lindström, Per-Ove"]
[Black "Muratet Esteban, Elias"]
[Result "1-0"]
[WhiteElo "1858"]
[BlackElo "1790"]
[PlyCount "35"]
[EventDate "2006.??.??"]

1. d4 Nf6 2. c4 g6 3. Nc3 Bg7 4. g3 d6 5. Bg2 O-O 6. Nf3 Nc6 7. O-O Re8 8. e4
e5 9. d5 Ne7 10. h3 Bd7 11. Be3 a6 12. b4 b6 13. Qc2 Qc8 14. Kh2 Qb7 15. c5
bxc5 16. bxc5 Bb5 17. Rfb1 Rab8 18. a4 1-0

[Event "Politiken Cup"]
[Site "Copenhagen"]
[Date "2006.07.23"]
[Round "2.127"]
[White "Jensen, Mads"]
[Black "Andersen, Tom Juul"]
[Result "1-0"]
[WhiteElo "1852"]
[BlackElo "2107"]
[PlyCount "21"]
[EventDate "2006.??.??"]

1. d4 Nf6 2. c4 g6 3. Nc3 d5 4. Nf3 Bg7 5. Bg5 Ne4 6. Bf4 Nxc3 7. bxc3 c5 8. e3
O-O 9. Qb3 cxd4 10. cxd4 Qa5+ 11. Nd2 1-0

[Event "Politiken Cup"]
[Site "Copenhagen"]
[Date "2006.07.23"]
[Round "2.128"]
[White "Thingstad, Tormod"]
[Black "Zachariassen, John"]
[Result "0-1"]
[WhiteElo "1000"]
[BlackElo "1831"]
[PlyCount "90"]
[EventDate "2006.??.??"]

1. c4 g6 2. Nc3 Bg7 3. g3 Nf6 4. Bg2 O-O 5. Nf3 c6 6. O-O d5 7. cxd5 cxd5 8. d4
Nc6 9. a3 Bg4 10. Re1 h6 11. b4 Rc8 12. Bb2 Re8 13. Rc1 g5 14. b5 Na5 15. Ne5
Bf5 16. e3 e6 17. h3 Nd7 18. Nxd7 Qxd7 19. g4 Bg6 20. Qd2 Nb3 21. Qd1 Nxc1 22.
Qxc1 Rc7 23. Bf1 Rec8 24. Qd2 Qd6 25. Rc1 b6 26. Be2 f5 27. Rf1 f4 28. f3 fxe3
29. Qxe3 Qg3+ 30. Kh1 Qxh3+ 31. Kg1 Qg3+ 32. Kh1 Bf7 33. Rf2 e5 34. Rg2 Qh4+
35. Kg1 Qe1+ 36. Kh2 exd4 37. Qf2 Be5+ 38. Kh3 Qh1+ 39. Rh2 Bxh2 40. Qxh2 Qxh2+
41. Kxh2 dxc3 42. Bc1 d4 43. Bd3 Bc4 44. Bf5 d3 45. f4 d2 0-1

[Event "Politiken Cup"]
[Site "Copenhagen"]
[Date "2006.07.24"]
[Round "3.1"]
[White "Short, Nigel"]
[Black "Andreasen, Per"]
[Result "1-0"]
[WhiteElo "2676"]
[BlackElo "2283"]
[PlyCount "78"]
[EventDate "2006.??.??"]

1. e4 g6 2. Nc3 a6 3. f4 b5 4. Nf3 Bg7 5. g3 Bb7 6. d3 e6 7. Bg2 Ne7 8. O-O O-O
9. Qe1 d5 10. e5 c5 11. a3 Nd7 12. Bd2 Qb6 13. Kh1 a5 14. g4 b4 15. Na4 Qc6 16.
axb4 axb4 17. b3 d4 18. Qg3 Nb6 19. Nxb6 Qxb6 20. Qh4 f6 21. Rxa8 Bxa8 22. Re1
g5 23. Qh5 gxf4 24. exf6 Bxf6 25. h4 Ng6 26. g5 Bd8 27. Qg4 Rf5 28. Qh3 Qd6 29.
Kg1 Bd5 30. Kf2 h6 31. h5 Ne7 32. gxh6 Kh7 33. Qg4 Kxh6 34. Ne5 Kh7 35. Bxf4
Bxg2 36. Kxg2 Rf8 37. Ng6 Qd5+ 38. Kh2 Rg8 39. Rxe6 Nxg6 1-0

[Event "Politiken Cup"]
[Site "Copenhagen"]
[Date "2006.07.24"]
[Round "3.2"]
[White "Aabling Thomsen, Jacob"]
[Black "Hansen, Curt"]
[Result "1/2-1/2"]
[WhiteElo "2288"]
[BlackElo "2633"]
[PlyCount "50"]
[EventDate "2006.??.??"]

1. e4 c5 2. Nf3 Nc6 3. Nc3 d6 4. d4 cxd4 5. Nxd4 Nf6 6. Bg5 Qb6 7. Bb5 Bd7 8.
Bxc6 bxc6 9. O-O h6 10. Bxf6 gxf6 11. Nf5 Rg8 12. Qd3 Rd8 13. a4 Bc8 14. a5 Qc7
15. Qf3 e6 16. Ng3 Be7 17. Nh5 Rg6 18. Nf4 Rg5 19. Nh5 Rg6 20. Nf4 Rg5 21. Nh5
f5 22. exf5 exf5 23. Ng3 d5 24. Ra4 Kf8 25. h4 Rg4 1/2-1/2

[Event "Politiken Cup"]
[Site "Copenhagen"]
[Date "2006.07.24"]
[Round "3.3"]
[White "Rafael, Vaganian"]
[Black "Christensen, Stefan"]
[Result "1-0"]
[WhiteElo "2598"]
[BlackElo "2277"]
[PlyCount "55"]
[EventDate "2006.??.??"]

1. Nf3 Nf6 2. c4 b6 3. d4 e6 4. Nc3 Bb4 5. Bg5 Bb7 6. Nd2 h6 7. Bh4 c5 8. a3
Bxc3 9. bxc3 d6 10. f3 Nc6 11. e3 e5 12. d5 Na5 13. Bd3 Qe7 14. Qa4+ Kd8 15.
Rb1 Bc8 16. O-O g5 17. Bf2 Kc7 18. Qc2 Bd7 19. Bf5 Rag8 20. f4 e4 21. fxg5 hxg5
22. Bg3 Nh5 23. Qxe4 Qxe4 24. Bxe4 Nxg3 25. hxg3 Re8 26. Rxf7 Kc8 27. Rg7 Ba4
28. Rxa7 1-0

[Event "Politiken Cup"]
[Site "Copenhagen"]
[Date "2006.07.24"]
[Round "3.4"]
[White "Nielsen, Max"]
[Black "Malakhatko, Vadim"]
[Result "0-1"]
[WhiteElo "2267"]
[BlackElo "2594"]
[PlyCount "64"]
[EventDate "2006.??.??"]

1. e4 g6 2. d4 Bg7 3. Nc3 d6 4. f4 e6 5. Nf3 Ne7 6. Be3 Nd7 7. Qd2 a6 8. e5 O-O
9. Bd3 b5 10. Ne4 Nb6 11. Bf2 Bb7 12. Bh4 Nc4 13. Bxc4 Bxe4 14. Be2 Qd7 15.
Bxe7 Qxe7 16. O-O Rfd8 17. Ng5 Bd5 18. Qe3 Rac8 19. a4 c5 20. c3 cxd4 21. cxd4
Rc2 22. Bf3 Bc4 23. Rf2 Rxf2 24. Kxf2 dxe5 25. dxe5 Rd3 26. Qe1 h6 27. Nh3 Qc5+
28. Kg3 g5 29. axb5 gxf4+ 30. Nxf4 Bxe5 31. Qc1 Re3 32. bxa6 Bxf4+ 0-1

[Event "Politiken Cup"]
[Site "Copenhagen"]
[Date "2006.07.24"]
[Round "3.5"]
[White "Karlsson, Lars"]
[Black "Semcesen, Daniel"]
[Result "1-0"]
[WhiteElo "2506"]
[BlackElo "2266"]
[PlyCount "73"]
[EventDate "2006.??.??"]

1. Nf3 d5 2. c4 c6 3. d4 Nf6 4. Nc3 a6 5. c5 Bg4 6. Ne5 Bf5 7. Qb3 Ra7 8. f3 g6
9. e4 Be6 10. Bg5 Bg7 11. O-O-O O-O 12. Kb1 dxe4 13. Qb6 Qxb6 14. cxb6 Ra8 15.
fxe4 Nbd7 16. Nxd7 Nxd7 17. d5 cxd5 18. Nxd5 Bxd5 19. exd5 Bf6 20. Be3 Be5 21.
Be2 Bd6 22. h4 Ne5 23. h5 f6 24. hxg6 hxg6 25. Rh3 Kf7 26. Rh7+ Ke8 27. Bd4 Rf7
28. Rh6 Kd7 29. Rc1 Rg7 30. Bd1 Rgg8 31. Ba4+ Kd8 32. Rch1 Nf7 33. Rh7 Rc8 34.
b3 Rf8 35. Rxf7 Rxf7 36. Rh8+ Rf8 37. Rxf8# 1-0

[Event "Politiken Cup"]
[Site "Copenhagen"]
[Date "2006.07.24"]
[Round "3.6"]
[White "Berg Hanssen, Gunner"]
[Black "Brynell, Stellan"]
[Result "0-1"]
[WhiteElo "2254"]
[BlackElo "2497"]
[PlyCount "76"]
[EventDate "2006.??.??"]

1. d4 e6 2. c4 d5 3. Nf3 c5 4. cxd5 exd5 5. g3 Nc6 6. Bg2 Nf6 7. O-O Be7 8. Be3
c4 9. b3 cxb3 10. Qxb3 O-O 11. Nc3 Na5 12. Qd1 h6 13. Ne5 Bf5 14. Bd2 a6 15.
Qe1 Nc6 16. Nxc6 bxc6 17. Qd1 Re8 18. Qa4 Qb6 19. Rac1 Bd6 20. Rfe1 Rac8 21.
Nd1 Bd7 22. Nc3 Qa7 23. e3 h5 24. e4 c5 25. Qa5 Nxe4 26. Nxe4 dxe4 27. Rxe4
Rxe4 28. Bxe4 g6 29. dxc5 Bxc5 30. Kg2 h4 31. Be3 Bxe3 32. Rxc8+ Bxc8 33. Qd8+
Kg7 34. Qxc8 Bxf2 35. Bd5 hxg3 36. hxg3 Be1 37. Qc2 Qe3 38. Qc7 Qd2+ 0-1